000
00375nam a2200145Ia 4500
008
100122s9999 xx 000 0 und d
082
_b
37263
_a
823
100
_a
दिघे प्रभाकर
245
_a
धूर
260
_b
दिलीपराज प्रकाशन
_c
1905
300
_a
95
630
_a
धूर
730
_a
धूर
942
_c
BOOK
999
_c
419723
_d
419720